000
00286nam a2200109Ia 4500
008
190912s9999||||xx |||||||||||||| ||und||
100
_a
Matz, Usry
245
0
_a
Problems Cases Manual Cost Accounting Planning and Control
260
_a
USA
_b
Prentice
_c
2003
300
_a
640
942
_c
BK
999
_c
7708
_d
7708